A sensemaking model of employee evaluation of psychological contract fulfillment: when and how do employees respond to change? (Record no. 85463)

000 -LEADER
fixed length control field 00570pab a2200193 454500
008 - FIXED-LENGTH DATA ELEMENTS--GENERAL INFORMATION
fixed length control field 180718b2009 xxu||||| |||| 00| 0 eng d
100 ## - MAIN ENTRY--PERSONAL NAME
Personal name Chaudhry, Anjali
245 ## - TITLE STATEMENT
Title A sensemaking model of employee evaluation of psychological contract fulfillment: when and how do employees respond to change?
260 ## - PUBLICATION, DISTRIBUTION, ETC.
Date of publication, distribution, etc. 2009
300 ## - PHYSICAL DESCRIPTION
Extent p.498-520.
362 ## - DATES OF PUBLICATION AND/OR SEQUENTIAL DESIGNATION
Dates of publication and/or sequential designation Dec
650 ## - SUBJECT ADDED ENTRY--TOPICAL TERM
Topical term or geographic name entry element Employees
650 ## - SUBJECT ADDED ENTRY--TOPICAL TERM
Topical term or geographic name entry element Performance appraisal
700 ## - ADDED ENTRY--PERSONAL NAME
Personal name Schalk, Rene
700 ## - ADDED ENTRY--PERSONAL NAME
Personal name Wayne, Sandy J.
773 ## - HOST ITEM ENTRY
Main entry heading Journal of Applied Behavioral Science
908 ## - PUT COMMAND PARAMETER (RLIN)
Put command parameter N
909 ## -
-- 85463
Holdings
Withdrawn status Lost status Damaged status Not for loan Permanent Location Current Location Date acquired Serial Enumeration / chronology Barcode Date last seen Price effective from Koha item type
        Indian Institute of Public Administration Indian Institute of Public Administration 2018-07-19 Volume no: 45, Issue no: 4 AR85923 2018-07-19 2018-07-19 Articles

Powered by Koha